000 00522nam a2200169Ia 4500
008 090122s9999 xx 000 0 und d
082 _b2111
_a891.4681
100 _aकाणेकर
_bअनंत
245 _aचौकोनी आकाश
260 _bसुविचार प्रकाशन मंडळ
_c1984
300 _a134
600 _aकाणेकर
630 _aचौकोनी आकाश
700 _aकाणेकर
730 _aचौकोनी आकाश
942 _cBOOK
999 _c26189
_d26189